00437 2200181 4500001002100000008004100021035002000062245005000082100001700132250000600149260002900155300001200184084001400196082000800210650001300218990001200231990001200243INLIS000000000000786 ind  a0010-0524000021 aSeri Ilmu Pintar Kimia Kelas XIcM. Nurkhozim aM. Nurkhozim a1 aYogyakarta :bAndic2017 a398 hlm a540 NUR k a540 aNonFiksi a0740421 a0740422